[Event "GER-ch"]
[Site "Magdeburg"]
[Date "2020.08.20"]
[Round "7"]
[White "Muckle, Julius"]
[Black "Parvanyan, Ashot"]
[Result "1-0"]
[WhiteElo "2386"]
[BlackElo "2449"]
[EventDate "2020.08.16"]
[PlyCount "87"]

1. d4 Nf6 2. c4 g6 3. Nc3 Bg7 4. e4 d6 5. f3 O-O 6. Be3 c5 7. dxc5 dxc5 8. Qxd8 Rxd8 9. Bxc5 Nc6 10. Be3 b6 11. Rc1 Nd7 12. Nh3 Nc5 13. Nf2 Ba6 14. b3 e6 15. Bxc5 bxc5 16. Nd3 Nb4 17. Nxc5 Bh6 18. Rd1 Rxd1+ 19. Nxd1 Rd8 20. Be2 Bc8 21. Na4 Rd2 22. a3 Nc2+ 23. Kf2 Nd4 24. Ndc3 Rc2 25. Rd1 e5 26. Kf1 Be3 27. Rd3 Rc1+ 28. Bd1 Bg5 29. Ne2 Nxe2 30. Kxe2 Ra1 31. Nc3 Rxa3 32. g3 Be6 33. h4 Be7 34. Nb5 Ra1 35. Nc7 Bh3 36. Nd5 Bc5 37. b4 Bd4 38. c5 a5 39. c6 axb4 40. g4 Ra2+ 41. Rd2 Bf1+ 42. Kxf1 Rxd2 43. Ba4 Ra2 44. c7 1-0

[Event "GER-ch"]
[Site "Magdeburg"]
[Date "2020.08.20"]
[Round "7"]
[White "Neurohr, Juergen"]
[Black "Mueller, Dominik"]
[Result "0-1"]
[WhiteElo "2022"]
[BlackElo "2252"]
[EventDate "2020.08.16"]
[PlyCount "56"]

1. c4 Nf6 2. Nf3 e6 3. g3 Be7 4. Bg2 d5 5. d4 O-O 6. O-O dxc4 7. Na3 c5 8. dxc5 c3 9. Qc2 Qa5 10. Nc4 Qxc5 11. Qxc3 Nc6 12. Be3 Qh5 13. Nfe5 Nd5 14. Bxd5 exd5 15. Nxc6 bxc6 16. Na5 Bh3 17. Rfe1 Rac8 18. Bc5 Bf6 19. Qd2 Rfe8 20. Rac1 Qe5 21. Bxa7 d4 22. Nb3 Qd5 23. e4 Rxe4 24. Rxe4 Qxe4 25. f4 c5 26. Bxc5 d3 27. Re1 Qa8 28. Be3 Rc2 0-1

[Event "GER-ch"]
[Site "Magdeburg"]
[Date "2020.08.20"]
[Round "7"]
[White "Siebrecht, Sebastian"]
[Black "Graf, Alexander"]
[Result "0-1"]
[WhiteElo "2417"]
[BlackElo "2569"]
[EventDate "2020.08.16"]
[PlyCount "70"]

1. d4 Nf6 2. c4 e6 3. Nf3 b6 4. g3 Bb7 5. Bg2 Be7 6. Nc3 O-O 7. d5 Bb4 8. O-O c6 9. dxe6 dxe6 10. Qc2 Nbd7 11. a3 Bd6 12. Rd1 Qe7 13. Ng5 Rad8 14. b4 h6 15. Nge4 Be5 16. Bb2 c5 17. b5 Nxe4 18. Bxe4 Nf6 19. Bxb7 Qxb7 20. Rxd8 Rxd8 21. Rd1 Rd7 22. Rd3 Kf8 23. Qd2 Ke8 24. Rxd7 Nxd7 25. f4 Bf6 26. e3 Bxc3 27. Bxc3 Qe4 28. Bxg7 Qxc4 29. Bxh6 Qxb5 30. Qc2 c4 31. Bg7 Qb3 32. Qd2 f6 33. Kf2 c3 34. Qd3 Qb2+ 35. Kf3 c2 0-1

[Event "GER-ch"]
[Site "Magdeburg"]
[Date "2020.08.20"]
[Round "7"]
[White "Stern, Rene"]
[Black "Miller, Eduard"]
[Result "1-0"]
[WhiteElo "2526"]
[BlackElo "2392"]
[EventDate "2020.08.16"]
[PlyCount "79"]

1. Nf3 f5 2. d3 Nc6 3. e4 e5 4. d4 fxe4 5. Nxe5 Nf6 6. Be2 Qe7 7. Nxc6 dxc6 8. c4 Bf5 9. Nc3 Qd7 10. Be3 Bd6 11. h3 h6 12. Qd2 a6 13. O-O-O O-O-O 14. Kb1 Qe7 15. Ka1 c5 16. Na4 Bd7 17. Nc3 Kb8 18. Nd5 Nxd5 19. cxd5 Bc8 20. Rc1 cxd4 21. Qxd4 b6 22. Qa4 Be5 23. Rhd1 Rd6 24. Bxa6 Bxa6 25. Qxa6 Rhd8 26. Qc4 Qf7 27. Qxe4 Rxd5 28. Rxd5 Rxd5 29. Qc4 Qd7 30. a3 Rd1 31. Rxd1 Qxd1+ 32. Ka2 Qd6 33. h4 Qf6 34. Qb3 Qc6 35. g3 Qe4 36. Qe6 g5 37. hxg5 hxg5 38. Bxg5 Qe2 39. Bc1 Qe1 40. Bf4 1-0

[Event "GER-ch"]
[Site "Magdeburg"]
[Date "2020.08.21"]
[Round "8"]
[White "Bindrich, Falko"]
[Black "Engel, Luis"]
[Result "0-1"]
[WhiteElo "2605"]
[BlackElo "2532"]
[EventDate "2020.08.16"]
[PlyCount "74"]

1. d4 Nf6 2. c4 e6 3. Nf3 d5 4. Nc3 c6 5. g3 Nbd7 6. Bg2 dxc4 7. a4 Bb4 8. O-O O-O 9. Qc2 Qe7 10. Bf4 b6 11. e4 Bb7 12. Rad1 c5 13. e5 Nd5 14. Ng5 g6 15. Nxd5 exd5 16. dxc5 h6 17. Nf3 g5 18. Bc1 Nxc5 19. h4 Ne4 20. hxg5 hxg5 21. Nxg5 Nxg5 22. Qf5 Nh7 23. Bh6 Qe6 24. Qh5 Rfd8 25. Rd4 Kh8 26. Rf4 Qg6 27. Qh4 Bd2 28. Rf6 Nxf6 29. Bxd2+ Nh7 30. Bc3 Rg8 31. Bd4 Qg5 32. e6+ f6 33. Qh3 Rg6 34. e7 Qg4 35. Bxf6+ Kg8 36. Bh4 Qxh3 37. Bxh3 Ng5 0-1

[Event "GER-ch"]
[Site "Magdeburg"]
[Date "2020.08.21"]
[Round "8"]
[White "Braun, Georg"]
[Black "Nguyen, Alex Dac Vuong"]
[Result "1/2-1/2"]
[WhiteElo "2360"]
[BlackElo "2366"]
[EventDate "2020.08.16"]
[PlyCount "90"]

1. e4 c6 2. d4 d5 3. exd5 cxd5 4. Bd3 Nf6 5. c3 Nc6 6. h3 g6 7. Nf3 Qc7 8. O-O Bf5 9. Be2 Bg7 10. Re1 O-O 11. Be3 a6 12. Nbd2 Rac8 13. Bf1 Rfd8 14. Nb3 Qb6 15. Bf4 Ne4 16. Nh4 e5 17. Be3 exd4 18. Nxd4 Nxd4 19. Nxf5 gxf5 20. Rb1 Ne2+ 21. Qxe2 d4 22. cxd4 Bxd4 23. Bxd4 Rxd4 24. Qe3 Qd6 25. Rbc1 Rd8 26. Qf3 Qg6 27. Be2 Ng5 28. Qb3 b5 29. Rcd1 Ne6 30. Rxd4 Rxd4 31. Qe3 Re4 32. Qg3 Qxg3 33. fxg3 Kg7 34. Kf2 Kf6 35. Rc1 Rd4 36. Ke3 Re4+ 37. Kf2 Rd4 38. Ke1 Rd6 39. Rc8 Ng5 40. g4 fxg4 41. Bxg4 Ke5 42. Ke2 Ne4 43. Ke3 Nf6 44. Bf3 Nd5+ 45. Bxd5 Kxd5 1/2-1/2

[Event "GER-ch"]
[Site "Magdeburg"]
[Date "2020.08.21"]
[Round "8"]
[White "Ehmann, Thilo"]
[Black "Hess, Max"]
[Result "0-1"]
[WhiteElo "2329"]
[BlackElo "2378"]
[EventDate "2020.08.16"]
[PlyCount "72"]

1. e4 e5 2. Nf3 Nc6 3. Bb5 g6 4. c3 a6 5. Ba4 d6 6. d4 Bd7 7. Bg5 f6 8. Be3 Nh6 9. dxe5 dxe5 10. h3 Nf7 11. O-O f5 12. exf5 gxf5 13. Qd5 f4 14. Bc1 Qf6 15. Bb3 Rg8 16. Nbd2 Rg7 17. Ne4 Qg6 18. Nh4 Qh6 19. g3 O-O-O 20. Kh2 Be7 21. Bxf4 exf4 22. Nf5 Qg6 23. Nxg7 Qxg7 24. Qxf7 Qh6 25. Qxf4 Qxh3+ 26. Kg1 Rf8 27. Qe3 Ne5 28. Bd1 Bc6 29. Re1 Rf6 30. b3 b6 31. b4 Rh6 32. Bf3 Bb5 33. c4 Bxc4 34. Re2 Nxf3+ 35. Qxf3 Bxe2 36. Qxe2 Qh1# 0-1

[Event "GER-ch"]
[Site "Magdeburg"]
[Date "2020.08.21"]
[Round "8"]
[White "Falke, Isaak"]
[Black "Neurohr, Juergen"]
[Result "1-0"]
[WhiteElo "2113"]
[BlackElo "2022"]
[EventDate "2020.08.16"]
[PlyCount "71"]

1. b3 e5 2. e3 Nf6 3. Bb2 Nc6 4. d4 exd4 5. exd4 d5 6. Nf3 Bd6 7. Be2 O-O 8. Nbd2 Re8 9. O-O Bf5 10. a3 Bxc2 11. Qxc2 Rxe2 12. Qd3 Re8 13. Rae1 Rxe1 14. Rxe1 Ne7 15. Ne5 Qc8 16. Nf1 Rb8 17. f3 Qf5 18. Qe2 Ng6 19. g4 Qc8 20. b4 Nd7 21. Ng3 Nb6 22. Nh5 Qf8 23. f4 f5 24. Qd3 Ne7 25. g5 a6 26. Bc1 Re8 27. Re3 Nec8 28. Rh3 Be7 29. Qg3 g6 30. Nf6+ Bxf6 31. Qh4 Re7 32. gxf6 Rf7 33. Nxg6 Qd6 34. Ne5 Qxf6 35. Nxf7 Qxd4+ 36. Qf2 1-0

[Event "GER-ch"]
[Site "Magdeburg"]
[Date "2020.08.21"]
[Round "8"]
[White "Florstedt, Johannes"]
[Black "Pfreundt, Jakob"]
[Result "0-1"]
[WhiteElo "2350"]
[BlackElo "2397"]
[EventDate "2020.08.16"]
[PlyCount "122"]

1. e4 e6 2. d4 d5 3. Nd2 c5 4. Ngf3 Nf6 5. e5 Nfd7 6. c3 Nc6 7. Bd3 a5 8. a4 cxd4 9. cxd4 Nb4 10. Bb5 b6 11. Nb1 Be7 12. Nc3 Ba6 13. O-O O-O 14. Qe2 Bxb5 15. axb5 Qc8 16. Bg5 Bxg5 17. Nxg5 h6 18. Nh3 Qc4 19. Qxc4 dxc4 20. Ne4 Nd3 21. Nd6 Nxb2 22. Rfc1 Rfd8 23. Rc2 Nd3 24. Rxc4 Nb4 25. f4 Nd5 26. Ra3 N7f6 27. Nf2 Nxf4 28. Rc6 N6d5 29. Kf1 Ng6 30. Nfe4 Nge7 31. Rc2 Nc8 32. Nc4 Ra7 33. Ncd6 Nxd6 34. Nxd6 Rc7 35. Rc6 Rdd7 36. Rxc7 Rxc7 37. Ra2 Kf8 38. g3 Ke7 39. Kf2 Rc3 40. h4 f5 41. h5 Kd7 42. Ra1 Ne3 43. Ke2 Nd5 44. Kf2 f4 45. g4 Rb3 46. g5 hxg5 47. Rg1 Rg3 48. Rxg3 fxg3+ 49. Kxg3 Ne3 50. Ne4 a4 51. Nc3 a3 52. Na2 Ke7 53. Kf3 Nf5 54. Ke4 Ng3+ 55. Kd3 Nxh5 56. Kc2 Nf4 57. Nc3 g4 58. Ne4 Ne2 59. d5 exd5 60. Nd6 Ke6 61. Nc8 g3 0-1

[Event "GER-ch"]
[Site "Magdeburg"]
[Date "2020.08.21"]
[Round "8"]
[White "Graf, Alexander"]
[Black "Muckle, Julius"]
[Result "1/2-1/2"]
[WhiteElo "2569"]
[BlackElo "2386"]
[EventDate "2020.08.16"]
[PlyCount "82"]

1. Nf3 d5 2. g3 Nf6 3. Bg2 Bf5 4. c4 c6 5. b3 e6 6. Bb2 a5 7. d3 a4 8. Nbd2 Nbd7 9. O-O Be7 10. cxd5 cxd5 11. bxa4 O-O 12. Nb3 Nc5 13. Nxc5 Bxc5 14. Nd4 Bxd4 15. Bxd4 Qa5 16. Qb1 Qxa4 17. Qb2 Rfc8 18. Rfc1 Ne8 19. e4 dxe4 20. dxe4 Bg6 21. e5 Rxc1+ 22. Rxc1 Rd8 23. Bc3 Rd1+ 24. Be1 Rxc1 25. Qxc1 Be4 26. Qf4 f5 27. exf6 Nxf6 28. Bxe4 Qxe4 29. Qxe4 Nxe4 30. Kg2 Kf7 31. Kf3 Nc5 32. Bc3 g5 33. Bd4 Nd7 34. Ke4 Kg6 35. f3 Nb8 36. Be3 Nd7 37. h3 Kf6 38. f4 gxf4 39. gxf4 Kg6 40. a4 Kf6 41. a5 Nb8 1/2-1/2

[Event "GER-ch"]
[Site "Magdeburg"]
[Date "2020.08.21"]
[Round "8"]
[White "Heinemann, Thies"]
[Black "Geue, Niklas"]
[Result "1/2-1/2"]
[WhiteElo "2507"]
[BlackElo "2050"]
[EventDate "2020.08.16"]
[PlyCount "139"]

1. e4 e6 2. Qe2 c5 3. Nf3 Nc6 4. c3 d5 5. exd5 Qxd5 6. Na3 Nf6 7. Nb5 Qd8 8. g3 a6 9. Na3 b5 10. Bg2 Bb7 11. O-O Be7 12. Rd1 O-O 13. Nc2 Qb6 14. d3 Rfd8 15. Bd2 h6 16. Be1 Rd7 17. a3 Rdd8 18. Rdb1 Rac8 19. h3 Nh7 20. Kh2 Ng5 21. Nxg5 Bxg5 22. f4 Be7 23. Bf2 Qc7 24. a4 b4 25. Ne1 Na5 26. Rd1 Bxg2 27. Nxg2 bxc3 28. bxc3 Bf6 29. Qc2 Qc6 30. Rab1 Rb8 31. Ne1 c4 32. d4 Rb3 33. Ra1 Rdb8 34. Ra2 h5 35. f5 Re8 36. fxe6 Qxe6 37. Ng2 Qd5 38. Re1 Rxe1 39. Bxe1 Qf3 40. Qe2 Qxe2 41. Rxe2 Kf8 42. Nf4 g6 43. Nd5 Bd8 44. Nb4 Ra3 45. Nxa6 Rxa4 46. Nc5 Ra1 47. Kg2 Nb3 48. Nd7+ Kg7 49. Kf3 Ba5 50. Ne5 Nxd4+ 51. cxd4 Rxe1 52. Rxe1 Bxe1 53. Nxc4 Kf6 54. Ne5 Ke6 55. Kf4 h4 56. gxh4 Bxh4 57. Nf3 Be7 58. Ng5+ Kd5 59. Nxf7 Kxd4 60. Nh8 Kd5 61. Nxg6 Ke6 62. Nxe7 Kxe7 63. Kg5 Kf7 64. Kh6 Kg8 65. Kg6 Kh8 66. h4 Kg8 67. h5 Kh8 68. h6 Kg8 69. h7+ Kh8 70. Kh6 1/2-1/2

[Event "GER-ch"]
[Site "Magdeburg"]
[Date "2020.08.21"]
[Round "8"]
[White "Hundack, Rolf"]
[Black "Gustain, Marc"]
[Result "1-0"]
[WhiteElo "2126"]
[BlackElo "2173"]
[EventDate "2020.08.16"]
[PlyCount "57"]

1. c4 e5 2. Nc3 Nc6 3. g3 Bc5 4. Bg2 a6 5. e3 d6 6. Nge2 Ba7 7. d4 exd4 8. exd4 Nge7 9. b3 Nf5 10. d5 Ne5 11. Ne4 O-O 12. O-O b5 13. cxb5 axb5 14. Bb2 Re8 15. h3 Bd7 16. Kh2 b4 17. Nd4 Nxd4 18. Bxd4 Bb5 19. Re1 Nd3 20. Nf6+ gxf6 21. Rxe8+ Qxe8 22. Qg4+ Kf8 23. Bxf6 Qb8 24. Be4 Nc5 25. Qg7+ Ke8 26. Qg8+ Kd7 27. Bf5+ Ne6 28. Bxe6+ fxe6 29. Qxe6# 1-0

[Event "GER-ch"]
[Site "Magdeburg"]
[Date "2020.08.21"]
[Round "8"]
[White "Miller, Eduard"]
[Black "Dobrikov, Marco"]
[Result "0-1"]
[WhiteElo "2392"]
[BlackElo "2290"]
[EventDate "2020.08.16"]
[PlyCount "77"]

1. e4 c5 2. Nf3 d6 3. d4 cxd4 4. Nxd4 Nf6 5. Nc3 a6 6. Bc4 e6 7. Be3 Be7 8. f3 O-O 9. Bb3 b5 10. a3 Bb7 11. Qd2 Nbd7 12. O-O-O Ne5 13. g4 Nfd7 14. f4 Nc4 15. Bxc4 bxc4 16. Qe2 Nc5 17. Nf5 Nxe4 18. Nxe4 exf5 19. Nc3 Bxh1 20. Rxh1 Bf6 21. Nd5 c3 22. b4 Re8 23. Qd3 fxg4 24. Bb6 Qd7 25. Kb1 Qc6 26. Rg1 Bd8 27. Bf2 Rc8 28. Rxg4 Qc4 29. Qd1 a5 30. Bd4 Qxd5 31. Rxg7+ Kf8 32. Rxh7 Bf6 33. Rh8+ Bxh8 34. Bg7+ Bxg7 35. Qxd5 axb4 36. Ka2 bxa3 37. Qxd6+ Kg8 38. f5 Rb8 39. Qc6 0-1

[Event "GER-ch"]
[Site "Magdeburg"]
[Date "2020.08.21"]
[Round "8"]
[White "Mons, Leon"]
[Black "Andre, Gordon"]
[Result "1-0"]
[WhiteElo "2540"]
[BlackElo "2373"]
[EventDate "2020.08.16"]
[PlyCount "63"]

1. e4 e6 2. d4 d5 3. Nc3 Nf6 4. Bg5 Be7 5. e5 Nfd7 6. h4 a6 7. Qg4 f5 8. Qh5+ g6 9. Qh6 Bxg5 10. hxg5 Kf7 11. g4 Nf8 12. O-O-O Nc6 13. f4 Ne7 14. Qh3 Bd7 15. Kb1 b6 16. Bd3 Qc8 17. gxf5 exf5 18. e6+ Bxe6 19. Qe3 Qd8 20. Nf3 Qd6 21. Ne5+ Kg7 22. Ne2 c6 23. Rde1 a5 24. a3 Ra7 25. Nc3 Bc8 26. Na4 Qc7 27. c4 Ne6 28. Rc1 dxc4 29. Bxc4 Qd8 30. Rhd1 b5 31. d5 cxd5 32. Qxa7 1-0

[Event "GER-ch"]
[Site "Magdeburg"]
[Date "2020.08.21"]
[Round "8"]
[White "Mueller, Dominik"]
[Black "Schulte, Felix"]
[Result "1-0"]
[WhiteElo "2252"]
[BlackElo "2174"]
[EventDate "2020.08.16"]
[PlyCount "55"]

1. c4 c5 2. Nc3 Nc6 3. g3 g6 4. Bg2 Bg7 5. a3 Nh6 6. h4 d6 7. h5 Nf5 8. d3 e6 9. h6 Bxc3+ 10. bxc3 Bd7 11. e4 Qa5 12. exf5 Qxc3+ 13. Bd2 Qxd3 14. fxg6 fxg6 15. Qe2 Qd4 16. Rc1 Qb2 17. Nf3 Rf8 18. Be3 Qxa3 19. O-O O-O-O 20. Ng5 Rf5 21. g4 Re5 22. Nf7 Nd4 23. Qd2 Bc6 24. Bxd4 Bxg2 25. Kxg2 Re4 26. Be3 Rxg4+ 27. Kh3 Rf4 28. Nxd8 1-0

[Event "GER-ch"]
[Site "Magdeburg"]
[Date "2020.08.21"]
[Round "8"]
[White "Schulz, Lukas"]
[Black "Michalowski, Peter"]
[Result "1-0"]
[WhiteElo "2293"]
[BlackElo "2106"]
[EventDate "2020.08.16"]
[PlyCount "97"]

1. e4 c5 2. Nf3 d6 3. d4 cxd4 4. Nxd4 Nf6 5. Nc3 a6 6. h3 g6 7. g4 Bg7 8. Bg2 Nc6 9. Nxc6 bxc6 10. e5 Nd5 11. Nxd5 cxd5 12. Bxd5 Rb8 13. Bc6+ Bd7 14. Bxd7+ Qxd7 15. exd6 Bxb2 16. Bxb2 Qe6+ 17. Kf1 Rxb2 18. Qd4 Qf6 19. d7+ Kd8 20. Qc5 Rb8 21. Kg2 Qb6 22. Qc3 Qf6 23. Qc4 Qe6 24. Qxe6 fxe6 25. Rhe1 Rb6 26. Rad1 Rf8 27. Re4 Rf6 28. Kg3 Rd6 29. Rxd6 exd6 30. Ra4 Kxd7 31. Rxa6 h6 32. a4 e5 33. a5 h5 34. Ra7+ Kc6 35. g5 Rf5 36. h4 Rf4 37. Rg7 Rg4+ 38. Kh3 Rf4 39. a6 Rxf2 40. a7 Rf8 41. Rxg6 e4 42. Re6 Ra8 43. Re7 d5 44. g6 Rg8 45. g7 Kb6 46. Kg3 d4 47. Kf2 e3+ 48. Ke2 Rc8 49. Kd3 1-0

[Event "GER-ch"]
[Site "Magdeburg"]
[Date "2020.08.21"]
[Round "8"]
[White "Stern, Rene"]
[Black "Siebrecht, Sebastian"]
[Result "1-0"]
[WhiteElo "2526"]
[BlackElo "2417"]
[EventDate "2020.08.16"]
[PlyCount "95"]

1. Nf3 Nf6 2. c4 e6 3. Nc3 Bb4 4. Qc2 c5 5. a3 Ba5 6. e3 O-O 7. Be2 d5 8. Na4 b6 9. O-O a6 10. cxd5 exd5 11. Rb1 c4 12. b4 cxb3 13. Qxb3 Nbd7 14. Nd4 Qc7 15. Bb2 b5 16. Nc3 Nb6 17. d3 Bd7 18. Rfc1 Qd6 19. h3 Rfe8 20. Qd1 Nc8 21. Na2 Ne7 22. Rc2 Nf5 23. Nxf5 Bxf5 24. Rbc1 Rac8 25. Rxc8 Rxc8 26. Rxc8+ Bxc8 27. Qc2 Be6 28. Nc1 Bc7 29. Kf1 Qh2 30. Bf3 Qd6 31. Ne2 Bb6 32. Nf4 Bc5 33. Qb3 Kf8 34. a4 bxa4 35. Qxa4 Bd7 36. Qa1 Ne8 37. Bxd5 Bb5 38. Be5 Qd7 39. Qc3 Be7 40. Bxf7 Bxd3+ 41. Kg1 Bf5 42. Bb3 Qb5 43. g4 Bd7 44. Nh5 g6 45. Bg7+ Nxg7 46. Qxg7+ Ke8 47. Qg8+ Bf8 48. Qf7+ 1-0

[Event "GER-ch"]
[Site "Magdeburg"]
[Date "2020.08.21"]
[Round "8"]
[White "Trifan, Andrei Ioan"]
[Black "Weber, Max"]
[Result "1-0"]
[WhiteElo "2249"]
[BlackElo "2243"]
[EventDate "2020.08.16"]
[PlyCount "93"]

1. e4 c5 2. Nf3 Nc6 3. d4 cxd4 4. Nxd4 Nf6 5. Nc3 d6 6. Bg5 e6 7. Qd2 a6 8. O-O-O Bd7 9. f4 Be7 10. Nf3 b5 11. Bxf6 gxf6 12. f5 Qb6 13. Kb1 O-O-O 14. Ne2 Kb8 15. Nf4 Bc8 16. fxe6 fxe6 17. Bd3 Ne5 18. Be2 Nxf3 19. Bxf3 Qc5 20. Bg4 Qe5 21. Rhe1 Rhe8 22. Qe3 Kb7 23. h4 b4 24. g3 Bf8 25. Qb3 a5 26. a3 Bh6 27. Nd3 Qb5 28. c4 a4 29. Qc2 b3 30. Qc3 Qb6 31. Qxf6 Be3 32. e5 Kb8 33. Bh5 Rg8 34. exd6 Rxd6 35. Qe5 Bd4 36. Qf4 Rgd8 37. Rc1 Qc7 38. c5 Rc6 39. Nb4 Rxc5 40. Rxc5 Bxc5 41. Nc6+ Kb7 42. Nxd8+ Qxd8 43. Qxa4 Qd3+ 44. Ka1 Qxg3 45. Qe4+ Kb6 46. Bf3 Qc7 47. Qc4 1-0

[Event "GER-ch"]
[Site "Magdeburg"]
[Date "2020.08.21"]
[Round "8"]
[White "Tschernatsch, Johannes"]
[Black "Bastian, Herbert"]
[Result "1-0"]
[WhiteElo "2241"]
[BlackElo "2272"]
[EventDate "2020.08.16"]
[PlyCount "75"]

1. e4 c5 2. Nf3 a6 3. c4 e6 4. Nc3 d6 5. d4 cxd4 6. Nxd4 Nf6 7. Be2 Be7 8. O-O O-O 9. Kh1 Qc7 10. Be3 Nbd7 11. f4 b6 12. Rc1 Bb7 13. Bf3 Rfe8 14. Qe2 Rac8 15. b3 Qb8 16. Bg1 Bf8 17. e5 Bxf3 18. Nxf3 dxe5 19. fxe5 Ng4 20. Ng5 Ndxe5 21. Nxf7 Nxf7 22. Qxg4 b5 23. Ne4 Nh6 24. Qg5 Be7 25. Qh5 bxc4 26. bxc4 Rf8 27. Rxf8+ Rxf8 28. Qe2 Qc8 29. c5 Qc6 30. Rb1 Qd5 31. Rd1 Qe5 32. Bd4 Qf5 33. c6 Rc8 34. Qxa6 e5 35. Bxe5 Ng4 36. Bg3 Ne3 37. Re1 Nc2 38. Qc4+ 1-0

[Event "GER-ch"]
[Site "Magdeburg"]
[Date "2020.08.21"]
[Round "8"]
[White "Voege, Tobias"]
[Black "Koellner, Ruben Gideon"]
[Result "1-0"]
[WhiteElo "2326"]
[BlackElo "2376"]
[EventDate "2020.08.16"]
[PlyCount "81"]

1. d4 d6 2. Nf3 Nf6 3. c4 g6 4. Nc3 Bf5 5. Bg5 Bg7 6. e3 h6 7. Bh4 c6 8. Bd3 Bxd3 9. Qxd3 Nbd7 10. O-O g5 11. Bg3 Nh5 12. b4 Nxg3 13. fxg3 O-O 14. g4 Nf6 15. h4 Nxg4 16. hxg5 e6 17. Qe4 h5 18. Qd3 d5 19. Rae1 f6 20. e4 fxg5 21. cxd5 e5 22. dxc6 bxc6 23. Qc4+ Kh7 24. Qc5 Re8 25. Nd1 Bf8 26. Qc1 Bh6 27. dxe5 Qb6+ 28. Kh1 Kg6 29. Qc4 Rad8 30. Nh4+ Kh7 31. Qf7+ Bg7 32. Qg6+ Kh8 33. Rf7 Rg8 34. Qxh5+ Nh6 35. Ng6+ Kh7 36. Ne7 Qxb4 37. Ref1 Qxe4 38. Nf5 Kh8 39. Nxh6 Qh7 40. R7f6 Rd7 41. Nf7+ 1-0

[Event "GER-ch"]
[Site "Magdeburg"]
[Date "2020.08.22"]
[Round "9"]
[White "Bastian, Herbert"]
[Black "Falke, Isaak"]
[Result "1-0"]
[WhiteElo "2272"]
[BlackElo "2113"]
[EventDate "2020.08.16"]
[PlyCount "65"]

1. e4 e6 2. d4 d5 3. e5 c5 4. c3 Nc6 5. Nf3 Qb6 6. a3 Nh6 7. b4 cxb4 8. axb4 Nf5 9. Bd3 Nfe7 10. O-O Bd7 11. Nbd2 Qc7 12. Nb3 b6 13. b5 Nd8 14. Bd2 f5 15. Rc1 Qb7 16. Ne1 Nf7 17. f4 h6 18. Nf3 g6 19. Be3 O-O-O 20. Rf2 Kb8 21. Ra2 Rc8 22. Rca1 Rc7 23. Nc5 bxc5 24. dxc5 Nc8 25. c6 Bxc6 26. bxc6 Qxc6 27. Nd4 Qb7 28. Ba6 Qa8 29. Nxe6 Nb6 30. Bxb6 axb6 31. Bb5 Qb7 32. Ra8+ Qxa8 33. Rxa8+ 1-0

[Event "GER-ch"]
[Site "Magdeburg"]
[Date "2020.08.22"]
[Round "9"]
[White "Dobrikov, Marco"]
[Black "Heinemann, Thies"]
[Result "0-1"]
[WhiteElo "2290"]
[BlackElo "2507"]
[EventDate "2020.08.16"]
[PlyCount "118"]

1. e4 c5 2. Nf3 d6 3. d4 cxd4 4. Nxd4 Nf6 5. Nc3 a6 6. h3 e5 7. Nde2 h5 8. Bg5 Be6 9. Bxf6 Qxf6 10. Nd5 Qd8 11. Qd3 Nd7 12. O-O-O g6 13. Kb1 Rc8 14. Nec3 Nc5 15. Qf3 Bg7 16. Bc4 b5 17. Bb3 O-O 18. g4 h4 19. Qe2 Kh7 20. f3 Bh6 21. Rhf1 Bg5 22. Rf2 Kh6 23. Qf1 Re8 24. Re2 Rb8 25. Ree1 Rb7 26. Nb4 a5 27. Nd3 Nd7 28. Bd5 Rb8 29. Bxe6 fxe6 30. Nc1 Qb6 31. Qd3 Be7 32. Qd2+ g5 33. Qe3 Qc6 34. N3e2 Rf8 35. Nb3 a4 36. Nd2 Bd8 37. Rc1 Bb6 38. Qc3 Qxc3 39. Nxc3 Bd4 40. Nd1 Kg7 41. c3 Bb6 42. b4 axb3 43. axb3 Kf6 44. b4 Ke7 45. Kb2 Ra8 46. Ra1 Rxa1 47. Kxa1 Ra8+ 48. Kb1 Nf8 49. Nb2 Ra3 50. Kc2 Ng6 51. Nd3 Ra2+ 52. Kd1 Kd7 53. Ke2 d5 54. Rc1 Kd6 55. Rb1 Ba7 56. Rc1 dxe4 57. fxe4 Nf4+ 58. Nxf4 exf4 59. Kd3 Rxd2+ 0-1

[Event "GER-ch"]
[Site "Magdeburg"]
[Date "2020.08.22"]
[Round "9"]
[White "Engel, Luis"]
[Black "Stern, Rene"]
[Result "1-0"]
[WhiteElo "2532"]
[BlackElo "2526"]
[EventDate "2020.08.16"]
[PlyCount "99"]

1. e4 e5 2. Nf3 Nc6 3. Bc4 Nf6 4. d3 Be7 5. O-O O-O 6. Re1 d6 7. a4 a5 8. h3 h6 9. Nc3 Be6 10. b3 Re8 11. Bb2 Bf8 12. Bb5 Bd7 13. Ne2 g6 14. Ng3 Bg7 15. Qd2 Nh7 16. d4 exd4 17. Bxc6 Bxc6 18. Nxd4 Bd7 19. c4 Qg5 20. Re3 Nf8 21. Rd1 h5 22. Nf3 Qf4 23. Bxg7 Kxg7 24. Qc3+ Kg8 25. Rd5 b6 26. Rxh5 Nh7 27. Nf5 Bxf5 28. Rh4 Qxh4 29. Nxh4 Bxe4 30. f4 Re7 31. f5 Rae8 32. fxg6 fxg6 33. Rg3 Nf8 34. Nf3 Bxf3 35. Qxf3 Re1+ 36. Kh2 Kg7 37. h4 R1e5 38. h5 g5 39. h6+ Kg6 40. Rh3 R5e7 41. Qd3+ Kf7 42. h7 Ng6 43. Rh6 Re6 44. Qf5+ Kg7 45. h8=Q+ Rxh8 46. Rxh8 Re5 47. Rg8+ Kxg8 48. Qxg6+ Kf8 49. Qh7 Rc5 50. Qd7 1-0

[Event "GER-ch"]
[Site "Magdeburg"]
[Date "2020.08.22"]
[Round "9"]
[White "Hess, Max"]
[Black "Graf, Alexander"]
[Result "1-0"]
[WhiteElo "2378"]
[BlackElo "2569"]
[EventDate "2020.08.16"]
[PlyCount "85"]

1. e4 c6 2. Nc3 d5 3. Nf3 Bg4 4. h3 Bxf3 5. Qxf3 e6 6. Be2 Nf6 7. O-O Nbd7 8. d4 Qb6 9. Rd1 g6 10. b3 Bg7 11. e5 Ng8 12. Na4 Qd8 13. c4 Ne7 14. Ba3 f6 15. Nc5 Nxc5 16. exf6 Bxf6 17. Qxf6 Rf8 18. Qe5 Nd7 19. Qxe6 Rf6 20. Qe3 Kf7 21. Qd3 Nf8 22. Bf1 Ne6 23. g3 Nf5 24. Bg2 Qd7 25. cxd5 cxd5 26. Rac1 Re8 27. Bb2 h5 28. Re1 Ng5 29. Re5 Ne4 30. Bxe4 dxe4 31. Qxe4 Rxe5 32. dxe5 Re6 33. Qc4 Qd2 34. Rc2 Qd1+ 35. Kg2 a6 36. Qe4 Qd7 37. Qf4 Kg7 38. Rd2 Qc6+ 39. Qf3 Qc8 40. Qd5 b5 41. Qd7+ Qxd7 42. Rxd7+ Kg8 43. Rc7 1-0

[Event "GER-ch"]
[Site "Magdeburg"]
[Date "2020.08.22"]
[Round "9"]
[White "Koellner, Ruben Gideon"]
[Black "Mueller, Dominik"]
[Result "1-0"]
[WhiteElo "2376"]
[BlackElo "2252"]
[EventDate "2020.08.16"]
[PlyCount "79"]

1. d4 Nf6 2. Bg5 c5 3. Bxf6 gxf6 4. d5 Qb6 5. Qc1 f5 6. c4 Bg7 7. Nc3 d6 8. e3 Nd7 9. Qc2 Ne5 10. Nh3 h5 11. Be2 Bd7 12. Nf4 h4 13. h3 O-O-O 14. O-O Rhg8 15. Rfb1 Ng6 16. Bd3 Nxf4 17. exf4 e6 18. Qe2 Bd4 19. Qh5 Rg3 20. Qxf7 Rg7 21. Qh5 Rdg8 22. Bf1 e5 23. a4 exf4 24. Ne2 Qb3 25. Nxd4 cxd4 26. Ra3 Qc2 27. Qd1 Qe4 28. f3 Qe5 29. Qd2 Rg3 30. Kh1 Qg7 31. Qf2 Re8 32. Rd1 Re3 33. Qd2 Rxa3 34. bxa3 Bxa4 35. Re1 Bd7 36. Qxf4 Qf6 37. c5 Rg8 38. Rc1 Qg5 39. Qxg5 Rxg5 40. c6 1-0

[Event "GER-ch"]
[Site "Magdeburg"]
[Date "2020.08.22"]
[Round "9"]
[White "Michalowski, Peter"]
[Black "Hundack, Rolf"]
[Result "1-0"]
[WhiteElo "2106"]
[BlackElo "2126"]
[EventDate "2020.08.16"]
[PlyCount "47"]

1. e4 e5 2. Nf3 Nc6 3. d4 exd4 4. Nxd4 Nf6 5. Nc3 Bb4 6. Nxc6 bxc6 7. Bd3 d5 8. exd5 cxd5 9. O-O O-O 10. h3 h6 11. Qf3 Bd6 12. Nb5 Be5 13. Re1 Re8 14. Bf4 Bxb2 15. Nxc7 Bxa1 16. Rxa1 Bb7 17. Rb1 Bc6 18. Nxe8 Nxe8 19. Qg3 Kf8 20. Re1 Qa5 21. Re3 Rd8 22. Bh7 g5 23. Bxg5 hxg5 24. Qxg5 1-0